Nghiên cứu khai thác công trình thủy lợi trong điều kiện xâm nhập mặn tại huyện Long Phú, tỉnh Sóc Trăng : Luận văn tốt nghiệp Cao học. Chuyên ngành Kỹ thuật xây dựng công trình thủy

Đánh giá hiện trạng công trình thủy lợi và hiện trạng sản xuất nông nghiệp huyện Long Phú, tỉnh Sóc Trăng; Đánh giá ảnh hưởng xâm nhập mặn đến sản xuất nông nghiệp huyện Long Phú và đề xuất các giải pháp công trình, phi công trình giảm thi...

全面介绍

Đã lưu trong:
书目详细资料
主要作者: Bùi, Quang Nhật
格式: 图书
语言:Undetermined
出版: Cần Thơ Trường Đại học Cần Thơ 2018
主题:
标签: 添加标签
没有标签, 成为第一个标记此记录!
Thư viện lưu trữ: Trung tâm Học liệu Trường Đại học Cần Thơ
LEADER 01342nam a2200217Ia 4500
001 CTU_228914
008 210402s9999 xx 000 0 und d
082 |a 627.52 
082 |b Nh124 
088 |a 8580202 
100 |a Bùi, Quang Nhật 
245 0 |a Nghiên cứu khai thác công trình thủy lợi trong điều kiện xâm nhập mặn tại huyện Long Phú, tỉnh Sóc Trăng : 
245 0 |b Luận văn tốt nghiệp Cao học. Chuyên ngành Kỹ thuật xây dựng công trình thủy 
245 0 |c Bùi Quang Nhật ; Trần Văn Tỷ (Cán bộ hướng dẫn) 
260 |a Cần Thơ 
260 |b Trường Đại học Cần Thơ 
260 |c 2018 
520 |a Đánh giá hiện trạng công trình thủy lợi và hiện trạng sản xuất nông nghiệp huyện Long Phú, tỉnh Sóc Trăng; Đánh giá ảnh hưởng xâm nhập mặn đến sản xuất nông nghiệp huyện Long Phú và đề xuất các giải pháp công trình, phi công trình giảm thiểu mặn ảnh hưởng đến sản xuất nông nghiệp cho huyện Long Phú 
650 |a Irrigation,Thủy lợi 
910 |b nthai 
980 |a Trung tâm Học liệu Trường Đại học Cần Thơ